Emigraciones en Centroamérica: informe final
Furkejuvvon:
| Váldodahkki: | |
|---|---|
| Searvvušdahkki: | |
| Materiálatiipa: | Texto |
| Almmustuhtton: |
San José:
CSUCA
|
| Fáddágilkorat: |
Lasit fáddágilkoriid
Eai fáddágilkorat, Lasit vuosttaš fáddágilkora!
|
MARC
| LEADER | 00000 a a2200000 04500 | ||
|---|---|---|---|
| 001 | 21071 | ||
| 003 | |||
| 040 | |||
| 090 | |a 091100 | ||
| 100 | |a Torres, Héctor | ||
| 110 | |a CSUCA. Programa Centroamericano de Ciencias de la Salud | ||
| 245 | |a Emigraciones en Centroamérica: informe final | ||
| 260 | |a San José: |b CSUCA | ||
| 300 | |a 15 p. | ||
| 999 | |c 11125 |d 11125 | ||
